| 000 | 00745 a2200217 4500 | ||
|---|---|---|---|
| 001 | 28468 | ||
| 005 | 20260407155556.0 | ||
| 008 | 260407a1977 arg spa d | ||
| 003 | AR-UNSa-BCEJYS | ||
| 040 |
_aAR-UNSa-BCEJYS _bspa _cAR-UNSa-BCEJYS |
||
| 080 |
_a342 _xDerecho constitucional (Derecho Público) |
||
| 245 | 1 | 0 | _aManual de derecho constitucional argentino |
| 250 | _a5a. ed. | ||
| 264 | 1 |
_aBuenos Aires : _bEDIAR _c1977 |
|
| 300 |
_a863 p. _c22 cm. |
||
| 505 | _a1. Estructura y contenido del derecho constitucional - 2. Tipología de la constitución - 3. Interpretación e integración de la constitución - | ||
| 041 | _aspa | ||
| 942 | _cBK | ||
| 590 | _aniveau_biblio:m niveau_hierar:0 | ||
| 100 | 1 | _aBidart Campos, German J. | |
| 999 |
_c1717 _d1717 |
||